000 00306nam a22001337a 4500
008 181011b xxu||||| |||| 00| 0 eng d
020 _a9780781730129
041 _aeng
080 _a610
100 _a4
101 _aSHM
245 _aStedman's Concise Medical Dictionary
_cDirckx, J.H
942 _2udc
_cBK
999 _c49457
_d49457